Miejscowości w gminie Uście Gorlickie z mapą - Statystyki

Ogólne statystyki
  • Ten quiz został rozwiązany 5 razy
  • Średni wynik to 13 z 20
Odpowiedzi na mapie
Odpowiedzi zakodowano w zielono-czerwonej skali na mapie do tego quizu, zgodnie z poniższymi procentami.
 
Statystyki odpowiedzi
Odpowiedź % Poprawnych
Uście Gorlickie
100%
Brunary
80%
Kwiatoń
80%
Ropki
80%
Zdynia
80%
Banica
60%
Blechnarka
60%
Czarna
60%
Gładyszów
60%
Hańczowa
60%
Izby
60%
Konieczna
60%
Nowica
60%
Regietów
60%
Skwirtne
60%
Smerekowiec
60%
Stawisza
60%
Wysowa-Zdrój
60%
Kunkowa
40%
Śnietnica
40%
Nie znaleziono quizów pasujących do podanych kryteriów
Rozkład punktacji
Procent ludzi z każdym wynikiem
Percentyl według liczby udzielonych odpowiedzi
Twoja historia wyników
Nie rozwiązałeś tego quizu